000
00329nam a2200133Ia 4500
008
150201s2009 xx 000 0 und d
082
_a
617
_b
F09S
100
_a
SINGH SEWTA R
245
_a
FURNDAMENTALS OF OPERATIVE SURGERY
250
_a
1ST
260
_b
JAYPEE BROTHERS
_a
DELHI
_c
2009
650
_a
SURGERY
942
_2
ddc
_c
BK
_0
1
999
_c
1063
_d
1063